10 Highest NC Cities - Statistics

General Stats
  • This quiz has been taken 8 times
  • The average score is 5 of 10
Answer Stats
Feet Answer Meters % Correct
2,134 Asheville 650
100%
897 Greensboro 273
83%
866 High Point 264
83%
1,188 Hickory 362
67%
791 Winston-Salem 241
67%
2,100 Hendersonville 640
33%
850 Statesville 260
33%
1,129 Lenoir 344
17%
1,175 Morganton 358
0%
1,096 Mt Airy 334
0%
No matching quizzes found
Score Distribution
Percent of People with Each Score
Percentile by Number Answered
Your Score History
You have not taken this quiz